[Event "Bundesliga 9900"]
[Site "Deutschland"]
[Date "1999.11.06"]
[Round "3.5"]
[White "Schandorff, Lars"]
[Black "Heinemann, Thies"]
[Result "1/2-1/2"]
[WhiteElo "2514"]
[BlackElo "2489"]
[PlyCount "55"]
[EventDate "1999.10.09"]
[EventType "team"]
[EventRounds "15"]
[EventCountry "GER"]
[SourceTitle "Bundesliga 9900"]
[Source "DeepChess"]
[SourceDate "2005.01.01"]
[SourceVersion "1"]
[SourceVersionDate "2005.01.01"]
[SourceQuality "1"]
[WhiteTeam "SAbt SV Werder Bremen"]
[BlackTeam "Hamburger SK 1830 e.V."]
[WhiteTeamCountry "GER"]
[BlackTeamCountry "GER"]

1. d4 Nf6 2. Nf3 g6 3. c4 c5 4. g3 cxd4 5. Nxd4 Nc6 6. Bg2 Bg7 7. Nc3 O-O 8.
O-O Nxd4 9. Qxd4 d6 10. Qd3 a6 11. Be3 Ng4 12. Bd4 Ne5 13. Qd1 Rb8 14. Nd5 b5
15. cxb5 Rxb5 16. f4 Ng4 17. h3 Bxd4+ 18. Qxd4 e5 19. Qd2 Rxd5 20. Bxd5 Qb6+
21. Kg2 Ne3+ 22. Kh2 Nxf1+ 23. Rxf1 Be6 24. Bxe6 fxe6 25. e3 exf4 26. exf4 e5
27. b3 Qb5 28. Rf2 1/2-1/2

[Event "Bundesliga 9900"]
[Site "Deutschland"]
[Date "1999.11.06"]
[Round "3.6"]
[White "Gustafsson, Jan"]
[Black "Heissler, Jakob"]
[Result "1-0"]
[WhiteElo "2436"]
[BlackElo "2447"]
[PlyCount "141"]
[EventDate "1999.10.09"]
[EventType "team"]
[EventRounds "15"]
[EventCountry "GER"]
[SourceTitle "Bundesliga 9900"]
[Source "DeepChess"]
[SourceDate "2005.01.01"]
[SourceVersion "1"]
[SourceVersionDate "2005.01.01"]
[SourceQuality "1"]
[WhiteTeam "Hamburger SK 1830 e.V."]
[BlackTeam "SAbt SV Werder Bremen"]
[WhiteTeamCountry "GER"]
[BlackTeamCountry "GER"]

1. d4 d6 2. e4 Nf6 3. Nc3 g6 4. Be3 Bg7 5. Nf3 c6 6. h3 O-O 7. a4 a5 8. Be2
Nbd7 9. O-O e5 10. dxe5 dxe5 11. Nd2 Nb6 12. Nc4 Nxc4 13. Qxd8 Rxd8 14. Bxc4
Re8 15. Rad1 Be6 16. Bxe6 Rxe6 17. Rd3 Bf8 18. Rfd1 Kg7 19. f3 Be7 20. Nb1 b5
21. Nc3 Rc8 22. Rc1 Rb8 23. Ra1 Bd8 24. Ba7 Bb6+ 25. Bxb6 Rxb6 26. axb5 cxb5
27. Rxa5 b4 28. Nd1 Nh5 29. Ne3 Nf4 30. Rd7 Rbd6 31. Raa7 Rxd7 32. Rxd7 Ra6 33.
Nc4 Ra1+ 34. Kh2 Kf6 35. Rd6+ Kg7 36. Nxe5 Rc1 37. Rd2 Rb1 38. b3 h5 39. h4 Rb2
40. g3 Ne6 41. Nc4 Ra2 42. Kg2 Nc5 43. Kf2 Kf6 44. Ke3 Ra1 45. Nb6 Ke6 46. Nd5
Na6 47. Rd4 Re1+ 48. Kf4 Re2 49. Rc4 Kd6 50. Nxb4 Nxb4 51. Rxb4 Rxc2 52. Rd4+
Ke6 53. Rd3 Rb2 54. Rc3 Rb1 55. Rc6+ Ke7 56. Rb6 Rb2 57. Ke5 Rf2 58. Rb7+ Ke8
59. Kf4 Rb2 60. b4 Rb3 61. b5 Ra3 62. b6 Rb3 63. g4 hxg4 64. Kxg4 Kf8 65. Rb8+
Kg7 66. b7 f6 67. f4 Kh7 68. h5 gxh5+ 69. Kxh5 Kg7 70. Kg4 Rb5 71. e5 1-0

[Event "Bundesliga 9900"]
[Site "Deutschland"]
[Date "1999.11.06"]
[Round "3.7"]
[White "Meins, Gerlef"]
[Black "Reeh, Oliver"]
[Result "0-1"]
[WhiteElo "2421"]
[BlackElo "2399"]
[PlyCount "77"]
[EventDate "1999.10.09"]
[EventType "team"]
[EventRounds "15"]
[EventCountry "GER"]
[SourceTitle "Bundesliga 9900"]
[Source "DeepChess"]
[SourceDate "2005.01.01"]
[SourceVersion "1"]
[SourceVersionDate "2005.01.01"]
[SourceQuality "1"]
[WhiteTeam "SAbt SV Werder Bremen"]
[BlackTeam "Hamburger SK 1830 e.V."]
[WhiteTeamCountry "GER"]
[BlackTeamCountry "GER"]

1. d4 Nf6 2. c4 e6 3. g3 Bb4+ 4. Bd2 Qe7 5. Bg2 Nc6 6. Nf3 Bxd2+ 7. Nbxd2 d6 8.
O-O a5 9. e4 e5 10. d5 Nb8 11. Ne1 O-O 12. Nd3 Na6 13. Qc2 c6 14. Rfc1 Nd7 15.
a3 Nac5 16. b4 Nxd3 17. Qxd3 axb4 18. axb4 Rxa1 19. Rxa1 c5 20. Nb3 b6 21. Ra7
cxb4 22. Qd2 f5 23. exf5 Qf6 24. g4 g6 25. Qxb4 gxf5 26. gxf5 Qxf5 27. Qe1 Nf6
28. Nd2 Qg6 29. Ra3 Kh8 30. Kh1 Nh5 31. Be4 Qg5 32. Qe3 Nf4 33. Qg3 Qh6 34. Nf3
Nh3 35. Ra8 Qc1+ 36. Ng1 Nxf2+ 37. Qxf2 Rxf2 38. Rxc8+ Kg7 39. Rc7+ 0-1

[Event "Bundesliga 9900"]
[Site "Deutschland"]
[Date "1999.11.06"]
[Round "3.8"]
[White "Loeffler, Stefan"]
[Black "Meyer, Claus Dieter"]
[Result "1/2-1/2"]
[WhiteElo "2377"]
[BlackElo "2313"]
[PlyCount "94"]
[EventDate "1999.10.09"]
[EventType "team"]
[EventRounds "15"]
[EventCountry "GER"]
[SourceTitle "Bundesliga 9900"]
[Source "DeepChess"]
[SourceDate "2005.01.01"]
[SourceVersion "1"]
[SourceVersionDate "2005.01.01"]
[SourceQuality "1"]
[WhiteTeam "Hamburger SK 1830 e.V."]
[BlackTeam "SAbt SV Werder Bremen"]
[WhiteTeamCountry "GER"]
[BlackTeamCountry "GER"]

1. Nf3 d5 2. c4 c6 3. e3 Nf6 4. Nc3 e6 5. b3 Be7 6. d4 O-O 7. Bd3 Nbd7 8. O-O
b6 9. Bb2 Bb7 10. Qe2 c5 11. cxd5 cxd4 12. Nxd4 Nxd5 13. Nxd5 Bxd5 14. Rfd1 Nc5
15. Bb5 Qc8 16. Qg4 g6 17. Nf5 exf5 18. Qd4 f6 19. Qxd5+ Kg7 20. Qf3 a5 21. Rd4
Rd8 22. Rad1 Qc7 23. h3 Rab8 24. g4 fxg4 25. hxg4 h6 26. Kg2 Rxd4 27. exd4 Ne6
28. Rc1 Qd8 29. d5 Qxd5 30. Qxd5 Nf4+ 31. Kf3 Nxd5 32. Rc6 Rb7 33. Bd4 Rc7 34.
a3 Bxa3 35. Bxf6+ Kf7 36. Bd4 Rxc6 37. Bxc6 Ne7 38. Bb5 Bc5 39. Bc4+ Kf8 40.
Bxc5 bxc5 41. Kf4 Nc8 42. Ke5 Ke7 43. Bd3 h5 44. Bxg6 hxg4 45. Kd5 a4 46. bxa4
Nb6+ 47. Kxc5 Nxa4+ 1/2-1/2

[Event "Bundesliga 9900"]
[Site "Deutschland"]
[Date "1999.11.06"]
[Round "3.2"]
[White "Bunzmann, Dimitrij"]
[Black "Nikolic, Predrag"]
[Result "0-1"]
[WhiteElo "2596"]
[BlackElo "2641"]
[PlyCount "56"]
[EventDate "1999.10.09"]
[EventType "team"]
[EventRounds "15"]
[EventCountry "GER"]
[SourceTitle "Bundesliga 9900"]
[Source "DeepChess"]
[SourceDate "2005.01.01"]
[SourceVersion "1"]
[SourceVersionDate "2005.01.01"]
[SourceQuality "1"]
[WhiteTeam "SF Neukoelln 03 e.V."]
[BlackTeam "SG 1868 Aljech. Solingen"]
[WhiteTeamCountry "GER"]
[BlackTeamCountry "GER"]

1. e4 d6 2. d4 Nf6 3. Nc3 g6 4. Be3 Bg7 5. Qd2 c6 6. Bh6 Bxh6 7. Qxh6 Qa5 8.
Bd3 c5 9. Nge2 cxd4 10. Nxd4 Nc6 11. Nb3 Qb6 12. Nd5 Nxd5 13. Qg7 Rf8 14. exd5
Ne5 15. O-O h5 16. Kh1 Bd7 17. f4 Ng4 18. h3 Ne3 19. Rfe1 Nxd5 20. Bxg6 Nxf4
21. Bxh5 Nxh5 22. Qg5 O-O-O 23. Qxh5 Rh8 24. Qxf7 Rdg8 25. Kh2 Kb8 26. Re2 Bg4
27. Rf2 Qe3 28. Qf4 Bxh3 0-1

[Event "Bundesliga 9900"]
[Site "Deutschland"]
[Date "1999.11.06"]
[Round "3.4"]
[White "Berndt, Stephan"]
[Black "Piket, Jeroen"]
[Result "1/2-1/2"]
[WhiteElo "2500"]
[BlackElo "2625"]
[PlyCount "116"]
[EventDate "1999.10.09"]
[EventType "team"]
[EventRounds "15"]
[EventCountry "GER"]
[SourceTitle "Bundesliga 9900"]
[Source "DeepChess"]
[SourceDate "2005.01.01"]
[SourceVersion "1"]
[SourceVersionDate "2005.01.01"]
[SourceQuality "1"]
[WhiteTeam "SF Neukoelln 03 e.V."]
[BlackTeam "SG 1868 Aljech. Solingen"]
[WhiteTeamCountry "GER"]
[BlackTeamCountry "GER"]

1. e4 e5 2. Nf3 Nc6 3. Bb5 a6 4. Ba4 Nf6 5. O-O Be7 6. Re1 b5 7. Bb3 d6 8. c3
O-O 9. d3 Na5 10. Bc2 c5 11. Nbd2 h6 12. Nf1 Nc6 13. h3 Be6 14. Ng3 Re8 15. d4
cxd4 16. cxd4 exd4 17. Nxd4 Nxd4 18. Qxd4 Rc8 19. Bb3 d5 20. e5 Nd7 21. Bd2 Bc5
22. Qf4 Nf8 23. Rad1 Ng6 24. Qf3 Qh4 25. Nf5 Qxf2+ 26. Qxf2 Bxf2+ 27. Kxf2 Bxf5
28. Bc3 Nf4 29. Kg3 Nd3 30. Re3 Nc5 31. Bxd5 Be6 32. Bxe6 Rxe6 33. Kf3 Rec6 34.
Rd6 Ne6 35. Red3 Rc4 36. a3 Rf4+ 37. Ke2 Ra4 38. g3 g5 39. Bb4 a5 40. b3 Rxb4
41. axb4 axb4 42. R6d5 Rc2+ 43. Kd1 Rh2 44. Rxb5 Rxh3 45. Rxb4 h5 46. Kc2 Rh2+
47. Rd2 Rh3 48. Rg2 Rh1 49. Re4 Kf8 50. b4 h4 51. gxh4 gxh4 52. Kb2 h3 53. Rc2
Ng5 54. Ree2 Rd1 55. Re3 Rh1 56. Ree2 Rd1 57. Re3 Rh1 58. Ree2 Rd1 1/2-1/2

[Event "Bundesliga 9900"]
[Site "Deutschland"]
[Date "1999.11.06"]
[Round "3.5"]
[White "Kasimdzhanov, Rustam"]
[Black "Poldauf, Dirk"]
[Result "1-0"]
[WhiteElo "2603"]
[BlackElo "2453"]
[PlyCount "89"]
[EventDate "1999.10.09"]
[EventType "team"]
[EventRounds "15"]
[EventCountry "GER"]
[SourceTitle "Bundesliga 9900"]
[Source "DeepChess"]
[SourceDate "2005.01.01"]
[SourceVersion "1"]
[SourceVersionDate "2005.01.01"]
[SourceQuality "1"]
[WhiteTeam "SG 1868 Aljech. Solingen"]
[BlackTeam "SF Neukoelln 03 e.V."]
[WhiteTeamCountry "GER"]
[BlackTeamCountry "GER"]

1. d4 Nf6 2. c4 g6 3. Nc3 Bg7 4. e4 d6 5. f3 O-O 6. Be3 e5 7. d5 Nh5 8. Qd2 f5
9. O-O-O Nd7 10. Bd3 a6 11. Nge2 Nc5 12. Bc2 b5 13. b4 Nd7 14. cxb5 axb5 15.
Nxb5 Rxa2 16. Nec3 Ra8 17. Kb2 fxe4 18. fxe4 Ndf6 19. h3 Rb8 20. Kb3 Ng3 21.
Na7 Nxh1 22. Nc6 Qe8 23. Nxb8 Ng3 24. Nc6 Bd7 25. b5 Nfh5 26. Bd3 Nf4 27. Bc4
h5 28. Ra1 Kh7 29. Ra7 Qc8 30. h4 g5 31. hxg5 Be8 32. Bf2 h4 33. Bxg3 hxg3 34.
Ne7 Qd8 35. Nf5 Bg6 36. Nxg3 Rf7 37. Nf5 Bxf5 38. exf5 Qxg5 39. b6 Qd8 40. Qa2
Qb8 41. Qa6 e4 42. Nb5 Qd8 43. bxc7 Rxc7 44. Rxc7 Qf6 45. Qxd6 1-0

[Event "Bundesliga 9900"]
[Site "Deutschland"]
[Date "1999.11.06"]
[Round "3.6"]
[White "Polzin, Rainer"]
[Black "Lobron, Eric"]
[Result "1/2-1/2"]
[WhiteElo "2475"]
[BlackElo "2540"]
[PlyCount "112"]
[EventDate "1999.10.09"]
[EventType "team"]
[EventRounds "15"]
[EventCountry "GER"]
[SourceTitle "Bundesliga 9900"]
[Source "DeepChess"]
[SourceDate "2005.01.01"]
[SourceVersion "1"]
[SourceVersionDate "2005.01.01"]
[SourceQuality "1"]
[WhiteTeam "SF Neukoelln 03 e.V."]
[BlackTeam "SG 1868 Aljech. Solingen"]
[WhiteTeamCountry "GER"]
[BlackTeamCountry "GER"]

1. e4 e6 2. d4 d5 3. Nc3 dxe4 4. Nxe4 Nd7 5. g3 Ngf6 6. Nxf6+ Nxf6 7. Bg2 Be7
8. Ne2 Rb8 9. O-O b5 10. a4 b4 11. Nf4 O-O 12. Re1 Bb7 13. Bxb7 Rxb7 14. Qf3 c6
15. Be3 Qc8 16. h4 Rd7 17. Nd3 Rd5 18. Qe2 Qa6 19. Kf1 Qb7 20. Kg1 Qa6 21. Kf1
Rc8 22. Nf4 Qxe2+ 23. Kxe2 Rdd8 24. Red1 Nd5 25. Nd3 f6 26. f4 h5 27. Bf2 Kf7
28. Kf3 Nc7 29. Rd2 Rd5 30. Rb1 Na6 31. Rbd1 Rcd8 32. Be3 Kg6 33. c4 bxc3 34.
bxc3 Ra5 35. Ra1 Nc7 36. Rb2 Nd5 37. Bd2 Nb6 38. Be1 Rd7 39. Rba2 Rad5 40. a5
Nc4 41. Ra4 Nd6 42. Nb4 Rb5 43. Nxc6 Rc7 44. Nb4 Nc4 45. Na6 Rc6 46. Nc5 Nd6
47. a6 Nf5 48. Nd3 Kf7 49. R1a2 Rbb6 50. Ke2 Ke8 51. Ra1 Kd7 52. R1a2 Kc8 53.
Ra5 g6 54. R5a4 Bd6 55. Ra5 Ne7 56. R5a4 Nf5 1/2-1/2

[Event "Bundesliga 9900"]
[Site "Deutschland"]
[Date "1999.11.06"]
[Round "3.7"]
[White "Naumann, Alexander"]
[Black "Rudolf, Henrik"]
[Result "1/2-1/2"]
[WhiteElo "2478"]
[BlackElo "2344"]
[PlyCount "111"]
[EventDate "1999.10.09"]
[EventType "team"]
[EventRounds "15"]
[EventCountry "GER"]
[SourceTitle "Bundesliga 9900"]
[Source "DeepChess"]
[SourceDate "2005.01.01"]
[SourceVersion "1"]
[SourceVersionDate "2005.01.01"]
[SourceQuality "1"]
[WhiteTeam "SG 1868 Aljech. Solingen"]
[BlackTeam "SF Neukoelln 03 e.V."]
[WhiteTeamCountry "GER"]
[BlackTeamCountry "GER"]

1. d4 g6 2. g3 Bg7 3. Bg2 d6 4. Nf3 Nf6 5. b3 O-O 6. Bb2 e5 7. dxe5 Nfd7 8. Nc3
Nxe5 9. Nxe5 Bxe5 10. Qd2 Nc6 11. h4 h5 12. O-O-O Be6 13. Ne4 Bf5 14. Bxe5 Nxe5
15. Qc3 Ng4 16. Rhf1 Re8 17. Nd2 Rxe2 18. Bxb7 Rb8 19. Bf3 Rxf2 20. Bxg4 Rxf1
21. Rxf1 hxg4 22. h5 Qe7 23. hxg6 fxg6 24. Rh1 Qg7 25. Qc4+ Kf8 26. Re1 Re8 27.
Rxe8+ Kxe8 28. Qc6+ Kd8 29. Nb1 Qd4 30. Qc3 Qxc3 31. Nxc3 Kd7 32. Kd2 c6 33.
Ne2 d5 34. b4 c5 35. c3 Kc6 36. a4 d4 37. b5+ Kd5 38. a5 g5 39. cxd4 cxd4 40.
b6 axb6 41. axb6 Bc8 42. Nc1 Ke4 43. Ke2 Ba6+ 44. Kf2 d3 45. Nb3 Bc8 46. Nd2+
Kd4 47. Nf1 Ba6 48. Nd2 Bb7 49. Nf1 Bc8 50. Nd2 Ba6 51. Nf1 Kc5 52. Ke3 Kxb6
53. Nh2 Kc5 54. Nxg4 Kc4 55. Kd2 Kd4 56. Nf2 1/2-1/2

[Event "Bundesliga 9900"]
[Site "Deutschland"]
[Date "1999.11.06"]
[Round "3.8"]
[White "Thiede, Lars"]
[Black "Chandler, Murray G"]
[Result "1/2-1/2"]
[WhiteElo "2386"]
[BlackElo "2505"]
[PlyCount "57"]
[EventDate "1999.10.09"]
[EventType "team"]
[EventRounds "15"]
[EventCountry "GER"]
[SourceTitle "Bundesliga 9900"]
[Source "DeepChess"]
[SourceDate "2005.01.01"]
[SourceVersion "1"]
[SourceVersionDate "2005.01.01"]
[SourceQuality "1"]
[WhiteTeam "SF Neukoelln 03 e.V."]
[BlackTeam "SG 1868 Aljech. Solingen"]
[WhiteTeamCountry "GER"]
[BlackTeamCountry "GER"]

1. g3 d5 2. Bg2 c5 3. Nf3 Nc6 4. O-O e5 5. d3 Nf6 6. Na3 Be7 7. e4 dxe4 8. dxe4
Bg4 9. c3 Qxd1 10. Rxd1 Nxe4 11. Re1 f5 12. Nc4 Bxf3 13. Bxf3 O-O-O 14. Kg2 Rd3
15. Bxe4 fxe4 16. Rxe4 Bf6 17. Be3 b6 18. a4 Rhd8 19. a5 b5 20. Na3 b4 21. cxb4
cxb4 22. Nb5 a6 23. Na7+ Nxa7 24. Bxa7 Rb3 25. Ra4 Rd5 26. Rc4+ Kd7 27. Raxb4
Rxb4 28. Rxb4 Rxa5 29. Be3 1/2-1/2

[Event "Bundesliga 9900"]
[Site "Deutschland"]
[Date "1999.11.06"]
[Round "3.1"]
[White "Lutz, Christopher"]
[Black "Rozentalis, Eduardas"]
[Result "1-0"]
[WhiteElo "2591"]
[BlackElo "2586"]
[PlyCount "97"]
[EventDate "1999.10.09"]
[EventType "team"]
[EventRounds "15"]
[EventCountry "GER"]
[SourceTitle "Bundesliga 9900"]
[Source "DeepChess"]
[SourceDate "2005.01.01"]
[SourceVersion "1"]
[SourceVersionDate "2005.01.01"]
[SourceQuality "1"]
[WhiteTeam "SG Porz e.V."]
[BlackTeam "SV Castrop Rauxel 1923"]
[WhiteTeamCountry "GER"]
[BlackTeamCountry "GER"]

1. c4 e6 2. Nf3 Nf6 3. Nc3 Bb4 4. Qc2 O-O 5. a3 Bxc3 6. Qxc3 b6 7. b4 Bb7 8.
Bb2 d6 9. g3 Nbd7 10. Bg2 c5 11. O-O a5 12. bxc5 Nxc5 13. d3 Rc8 14. Rac1 d5
15. cxd5 Bxd5 16. Qe5 Qe7 17. Nh4 Qb7 18. Qf4 Ncd7 19. e4 Bc6 20. g4 Rfd8 21.
g5 Ne8 22. d4 Nf8 23. Rfd1 Ba4 24. Rxc8 Rxc8 25. Rc1 Rxc1+ 26. Qxc1 Qd7 27. d5
exd5 28. exd5 Bb3 29. Qd2 b5 30. h3 Ng6 31. Nxg6 hxg6 32. Be5 Qf5 33. Bg3 a4
34. d6 Be6 35. Bc6 Bd7 36. Bxd7 Qxd7 37. Qd4 f6 38. Qd5+ Kf8 39. h4 b4 40. axb4
a3 41. Qa8 Qg4 42. Qxa3 Qd1+ 43. Kg2 Nxd6 44. b5 Qd5+ 45. Kh2 Ke7 46. gxf6+
gxf6 47. Qxd6+ Qxd6 48. Bxd6+ Kxd6 49. f4 1-0

[Event "Bundesliga 9900"]
[Site "Deutschland"]
[Date "1999.11.06"]
[Round "3.4"]
[White "Seul, Georg"]
[Black "Timman, Jan H"]
[Result "0-1"]
[WhiteElo "2445"]
[BlackElo "2650"]
[PlyCount "80"]
[EventDate "1999.10.09"]
[EventType "team"]
[EventRounds "15"]
[EventCountry "GER"]
[SourceTitle "Bundesliga 9900"]
[Source "DeepChess"]
[SourceDate "2005.01.01"]
[SourceVersion "1"]
[SourceVersionDate "2005.01.01"]
[SourceQuality "1"]
[WhiteTeam "SV Castrop Rauxel 1923"]
[BlackTeam "SG Porz e.V."]
[WhiteTeamCountry "GER"]
[BlackTeamCountry "GER"]

1. e4 e5 2. Nc3 Nf6 3. Nf3 Nc6 4. g3 Bb4 5. Bg2 Bxc3 6. dxc3 d6 7. Bg5 h6 8.
Bxf6 Qxf6 9. Nd2 h5 10. Nc4 Be6 11. Ne3 h4 12. Qe2 O-O-O 13. O-O-O Rh6 14. b3
Rdh8 15. Kb1 Kb8 16. Bf3 Qg6 17. Rdg1 Qh7 18. Rg2 Ne7 19. Rd1 hxg3 20. hxg3 Qg6
21. Rgg1 Ng8 22. Nf5 Rh2 23. Rh1 Rxh1 24. Rxh1 Rxh1+ 25. Bxh1 Nf6 26. Ne7 Qg5
27. Nd5 Bxd5 28. exd5 Qf5 29. Bg2 e4 30. c4 b6 31. Qe3 Kb7 32. f3 exf3 33. Bxf3
Nd7 34. Qe8 Ne5 35. Be2 Qf2 36. c5 Qe1+ 37. Kb2 Qxe2 38. c6+ Ka6 39. Qc8+ Kb5
40. Qxc7 Nd3+ 0-1

[Event "Bundesliga 9900"]
[Site "Deutschland"]
[Date "1999.11.06"]
[Round "3.6"]
[White "Dinstuhl, Volkmar"]
[Black "Andersson, Ulf"]
[Result "1/2-1/2"]
[WhiteElo "2404"]
[BlackElo "2623"]
[PlyCount "53"]
[EventDate "1999.10.09"]
[EventType "team"]
[EventRounds "15"]
[EventCountry "GER"]
[SourceTitle "Bundesliga 9900"]
[Source "DeepChess"]
[SourceDate "2005.01.01"]
[SourceVersion "1"]
[SourceVersionDate "2005.01.01"]
[SourceQuality "1"]
[WhiteTeam "SV Castrop Rauxel 1923"]
[BlackTeam "SG Porz e.V."]
[WhiteTeamCountry "GER"]
[BlackTeamCountry "GER"]

1. d4 Nf6 2. c4 e6 3. Nf3 Bb4+ 4. Nbd2 O-O 5. a3 Bxd2+ 6. Bxd2 Ne4 7. Bf4 b6 8.
e3 Bb7 9. Bd3 d6 10. O-O Nd7 11. Nd2 Nxd2 12. Qxd2 a5 13. b3 f5 14. f3 Qf6 15.
Bg3 e5 16. dxe5 Nxe5 17. Be2 Rfe8 18. Rad1 Qg6 19. Kh1 Re6 20. b4 axb4 21. axb4
Kh8 22. c5 bxc5 23. bxc5 Qe8 24. cxd6 cxd6 25. Qb4 Ba6 26. Bxa6 Rxa6 27. Bxe5
1/2-1/2

[Event "Bundesliga 9900"]
[Site "Deutschland"]
[Date "1999.11.06"]
[Round "3.7"]
[White "Hansen, Curt"]
[Black "Brendel, Oliver"]
[Result "1-0"]
[WhiteElo "2607"]
[BlackElo "2413"]
[PlyCount "47"]
[EventDate "1999.10.09"]
[EventType "team"]
[EventRounds "15"]
[EventCountry "GER"]
[SourceTitle "Bundesliga 9900"]
[Source "DeepChess"]
[SourceDate "2005.01.01"]
[SourceVersion "1"]
[SourceVersionDate "2005.01.01"]
[SourceQuality "1"]
[WhiteTeam "SG Porz e.V."]
[BlackTeam "SV Castrop Rauxel 1923"]
[WhiteTeamCountry "GER"]
[BlackTeamCountry "GER"]

1. c4 g6 2. Nc3 c5 3. g3 Bg7 4. Bg2 Nc6 5. Nf3 Nf6 6. d4 cxd4 7. Nxd4 O-O 8.
Nc2 d6 9. O-O Be6 10. b3 Qd7 11. Bb2 Bh3 12. Rb1 h5 13. e4 h4 14. Ne3 Bxg2 15.
Kxg2 Ne5 16. Qe2 h3+ 17. Kg1 Bh6 18. Rbd1 Nfg4 19. Ned5 e6 20. Nf4 Qc6 21. f3
Qb6+ 22. Kh1 Nf6 23. Nb5 Rad8 24. Nxh3 1-0

[Event "Bundesliga 9900"]
[Site "Deutschland"]
[Date "1999.11.06"]
[Round "3.1"]
[White "Schlosser, Philipp"]
[Black "Beliavsky, Alexander G"]
[Result "0-1"]
[WhiteElo "2512"]
[BlackElo "2618"]
[PlyCount "144"]
[EventDate "1999.10.09"]
[EventType "team"]
[EventRounds "15"]
[EventCountry "GER"]
[SourceTitle "Bundesliga 9900"]
[Source "DeepChess"]
[SourceDate "2005.01.01"]
[SourceVersion "1"]
[SourceVersionDate "2005.01.01"]
[SourceQuality "1"]
[WhiteTeam "SK Passau 1869"]
[BlackTeam "SK Koenig Plauen"]
[WhiteTeamCountry "GER"]
[BlackTeamCountry "GER"]

1. c4 Nf6 2. Nf3 g6 3. g3 Bg7 4. Bg2 d6 5. d4 O-O 6. O-O Nc6 7. h3 a6 8. Be3
Bd7 9. Qc1 b5 10. b3 bxc4 11. bxc4 Qc8 12. Kh2 Re8 13. Nc3 Rb8 14. d5 Na5 15.
Nd2 c5 16. Rb1 Rb4 17. Nd1 Qc7 18. Rxb4 cxb4 19. Nb2 Rc8 20. Qc2 Bf5 21. Nd3
Ne8 22. g4 Bd7 23. Nxb4 Nxc4 24. Nxc4 Qxc4 25. Qxc4 Rxc4 26. Nxa6 Bb5 27. Nb8
Ra4 28. Rb1 Bxe2 29. Nc6 Kf8 30. Rb7 Rxa2 31. Rxe7 Be5+ 32. f4 Bf6 33. Ra7 Rb2
34. Kg3 Rb3 35. Kf2 Bc4 36. g5 Bc3 37. Nd8 Be1+ 38. Kxe1 Rxe3+ 39. Kd2 Re7 40.
Rxe7 Kxe7 41. Nc6+ Kf8 42. Kc3 Ba6 43. Bf3 Bf1 44. h4 Nc7 45. Kd4 Nb5+ 46. Ke3
Bc4 47. Nb4 Kg7 48. Be4 Nc7 49. Kd4 Be2 50. Ke3 Bg4 51. Bd3 Kf8 52. Kd4 Ne8 53.
Nc2 Ng7 54. Ne3 Bc8 55. Be2 Ke7 56. Bd1 Kd8 57. Ke4 Kc7 58. Bg4 Bxg4 59. Nxg4
Nh5 60. Nh6 f5+ 61. Nxf5 gxf5+ 62. Kxf5 Kd7 63. Kg4 Ng7 64. f5 Ne8 65. f6 Nc7
66. g6 hxg6 67. Kg5 Nxd5 68. Kxg6 Nf4+ 69. Kf5 Ne6 70. h5 Nf8 71. h6 Kd8 72.
Ke4 Ke8 0-1

[Event "Bundesliga 9900"]
[Site "Deutschland"]
[Date "1999.11.06"]
[Round "3.2"]
[White "Kindermann, Stefan"]
[Black "Ribli, Zoltan"]
[Result "1/2-1/2"]
[WhiteElo "2527"]
[BlackElo "2586"]
[PlyCount "52"]
[EventDate "1999.10.09"]
[EventType "team"]
[EventRounds "15"]
[EventCountry "GER"]
[SourceTitle "Bundesliga 9900"]
[Source "DeepChess"]
[SourceDate "2005.01.01"]
[SourceVersion "1"]
[SourceVersionDate "2005.01.01"]
[SourceQuality "1"]
[WhiteTeam "SK Koenig Plauen"]
[BlackTeam "SK Passau 1869"]
[WhiteTeamCountry "GER"]
[BlackTeamCountry "GER"]

1. e4 c5 2. Nf3 Nc6 3. d4 cxd4 4. Nxd4 Qc7 5. Nc3 e6 6. Be2 a6 7. O-O Nf6 8.
Kh1 Be7 9. f4 d6 10. Be3 O-O 11. a4 Re8 12. Bf3 Bf8 13. Bf2 Nd7 14. Qe2 Nxd4
15. Bxd4 b6 16. e5 Bb7 17. Bxb7 Qxb7 18. Rad1 d5 19. f5 exf5 20. Rxf5 g6 21.
Qf3 gxf5 22. Nxd5 Qb8 23. Qxf5 Bg7 24. Qxd7 Qd8 25. Qxd8 Raxd8 26. Bxb6 Rc8
1/2-1/2

[Event "Bundesliga 9900"]
[Site "Deutschland"]
[Date "1999.11.06"]
[Round "3.3"]
[White "Wells, Peter K"]
[Black "Gdanski, Jacek"]
[Result "0-1"]
[WhiteElo "2476"]
[BlackElo "2512"]
[PlyCount "64"]
[EventDate "1999.10.09"]
[EventType "team"]
[EventRounds "15"]
[EventCountry "GER"]
[SourceTitle "Bundesliga 9900"]
[Source "DeepChess"]
[SourceDate "2005.01.01"]
[SourceVersion "1"]
[SourceVersionDate "2005.01.01"]
[SourceQuality "1"]
[WhiteTeam "SK Passau 1869"]
[BlackTeam "SK Koenig Plauen"]
[WhiteTeamCountry "GER"]
[BlackTeamCountry "GER"]

1. d4 g6 2. e4 Bg7 3. Nf3 c5 4. d5 d6 5. Bb5+ Bd7 6. Bxd7+ Nxd7 7. O-O b5 8. a4
b4 9. a5 Ngf6 10. Nbd2 O-O 11. Re1 Qc8 12. Qe2 Re8 13. Nc4 Qa6 14. Bf4 Nh5 15.
Bd2 Rad8 16. Rad1 Nf8 17. Ng5 Qb7 18. a6 Qc8 19. c3 h6 20. Nh3 e6 21. dxe6 Nxe6
22. cxb4 Qxa6 23. Bc3 Nd4 24. Bxd4 cxd4 25. Na5 Qb6 26. Qc4 Rc8 27. Qb3 Rb8 28.
Qd3 d5 29. f3 Qd6 30. g4 dxe4 31. Rxe4 Ng3 32. Rxe8+ Rxe8 0-1

[Event "Bundesliga 9900"]
[Site "Deutschland"]
[Date "1999.11.06"]
[Round "3.4"]
[White "Bischoff, Klaus"]
[Black "Smejkal, Jan"]
[Result "1/2-1/2"]
[WhiteElo "2509"]
[BlackElo "2526"]
[PlyCount "34"]
[EventDate "1999.10.09"]
[EventType "team"]
[EventRounds "15"]
[EventCountry "GER"]
[SourceTitle "Bundesliga 9900"]
[Source "DeepChess"]
[SourceDate "2005.01.01"]
[SourceVersion "1"]
[SourceVersionDate "2005.01.01"]
[SourceQuality "1"]
[WhiteTeam "SK Koenig Plauen"]
[BlackTeam "SK Passau 1869"]
[WhiteTeamCountry "GER"]
[BlackTeamCountry "GER"]

1. d4 Nf6 2. Nf3 g6 3. Nbd2 d5 4. e3 Bg7 5. b4 O-O 6. a4 Nbd7 7. Bb2 e5 8. Nb3
exd4 9. Nfxd4 Ne4 10. Be2 Ne5 11. O-O Re8 12. b5 Nc4 13. Rb1 a6 14. Bxc4 dxc4
15. Nd2 Nc5 16. Nxc4 Nxa4 17. Ba1 Bd7 1/2-1/2